000 01603aam a2200313 i 4500
001 768714001
003 CO-MdFUSB
005 20210920112114.0
007 ta
008 210920t1938 -us |||| |||| 00| 0 spa d
020 _a[No incluye ISBN]
040 _bspa.
_aCO-MdFUSB
_cCO-MdFUSB
_dCO-MdFUSBC
_erda
041 _aspa
082 0 4 _a225.92
_223
_bR6491e
100 1 _aRobertson, A. T. (Archibald Thomas) (1863-1934)
_eautor
245 1 0 _aÉpocas en la vida del apóstol Juan
_c/ A. T. Robertson ; traducido por Sara Hale
264 0 _aEl Paso, TX., USA :
_bCasa Bautista de Publicaciones,
_c[1938]
300 _a255 páginas
_c; 20 cm
336 _2rdacontent
_atexto
_btxt
337 _2rdamedia
_asin mediación
_bn
338 _2rdacarrier
_avolumen
_bnc
505 _aUna larga vida en la era más grandiosa. -- El llamado presbítero Juan de Papias. -- El amado discípulo. -- Un hijo del Trueno. -- Compañero íntimo de Pedro. -- Uno del círculo íntimo. -- Hombre de intuición Espiritual. -- Recibiendo un encargo Sagrado de Jesús. -- Uno de los apóstoles que Pablo llamó "columnas" -- Juan vive todavía en Éfeso. -- Juan luchando contra el gnosticismo. -- Promoviendo la propaganda misionera. -- Interpretando a Cristo mediante una experiencia rica. -- Viendo visiones en la isla de Patmos. -- Rivalizando con Pablo y Pedro en su influencia contra en el cristianismo.
563 _aTapa dura
653 _aJuan (Apóstol)
653 _aInterpretación de la Biblia N.T.
700 _95637
_aHale, Sarah J.
_etraductor
942 _cBK
945 _aJTF-925
999 _c33454
_d33454